Catálogo

Conceptos fundamentales de la filosofía / (Registro nro. 43320)

Detalles MARC
000 -LEADER
fixed length control field 01010cam a2200301 i 4500
001 - CONTROL NUMBER
control field 43320
003 - CONTROL NUMBER IDENTIFIER
control field Mx-PuUPA
005 - DATE AND TIME OF LATEST TRANSACTION
control field 20240410104021.0
008 - FIXED-LENGTH DATA ELEMENTS--GENERAL INFORMATION
fixed length control field 140415s1995 sp gr 001 0 spa d
020 ## - INTERNATIONAL STANDARD BOOK NUMBER
International Standard Book Number 8425419301
040 ## - CATALOGING SOURCE
Original cataloging agency MX-PuUPA
Language of cataloging spa
Description conventions rda
Transcribing agency Mx-PuUPA
Modifying agency Mx-PuUPA
041 1# - LANGUAGE CODE
Language code of text/sound track or separate title spa
Language code of original eng
100 1# - MAIN ENTRY--PERSONAL NAME
Personal name Ferber, Rafael
Dates associated with a name 1950-
Relator term autor
9 (RLIN) 5196
240 10 - UNIFORM TITLE
Uniform title Philosophische grundbegriffe.
Language of a work Español.
245 10 - TITLE STATEMENT
Title Conceptos fundamentales de la filosofía /
Statement of responsibility, etc. Rafael Ferber ; versión castellana de Claudia Gancho.
264 #1 - PRODUCTION, PUBLICATION, DISTRIBUTION, MANUFACTURE, AND COPYRIGHT NOTICE
Place of production, publication, distribution, manufacture Barcelona :
Name of producer, publisher, distributor, manufacturer Empresa Editorial Herder,
Date of production, publication, distribution, manufacture, or copyright notice 1995
300 ## - PHYSICAL DESCRIPTION
Extent 207 páginas ;
Dimensions 22 cm.
336 ## - CONTENT TYPE
Content type term texto
Fuente rdacontent
Content type code txt
337 ## - MEDIA TYPE
Media type term sin medio
Source rdamedia
Media type code n
338 ## - CARRIER TYPE
Carrier type term volumen
Source rdacarrier
Carrier type code nc
490 0# - SERIES STATEMENT
Series statement Biblioteca de la Filosofía
650 #4 - SUBJECT ADDED ENTRY--TOPICAL TERM
Topical term or geographic name entry element Filosofía
700 1# - ADDED ENTRY--PERSONAL NAME
Personal name Gancho, Claudio,
Relator term traductor
765 08 - ORIGINAL LANGUAGE ENTRY
Main entry heading Ferber, Rafael,
Title Philosophische grundbegriffe.
942 ## - ADDED ENTRY ELEMENTS (KOHA)
Source of classification or shelving scheme Dewey Decimal Classification
Koha item type Libro
Classification part 100
Item part F345
Existencias
Withdrawn status Lost status Source of classification or shelving scheme Damaged status Not for loan Collection code Home library Current library Shelving location Date acquired Source of acquisition Total Checkouts Full call number Barcode Date last seen Date last checked out Price effective from Koha item type
    Dewey Decimal Classification     General Biblioteca Karol Wojtyla Biblioteca Karol Wojtyla Sala general 03/12/2013 Compra   100 F345 1995 65155 05/01/2026 11/03/2017 08/08/2017 Libro